| 000 | 00811nam a2200253 a 4500 | ||
|---|---|---|---|
| 001 | 000019351 | ||
| 005 | 20200929170006.0 | ||
| 008 | 100625s1995 sp 000 edspa d | ||
| 020 | _a8420646687 | ||
| 040 |
_aDO-SdBNP _bspa _cBNPHU |
||
| 082 |
_a864.3 _bR456c |
||
| 100 | 1 |
_aRey Hazas, Antonio, _941583 |
|
| 245 | 1 | 0 |
_aCervantes : _bvida y literatura / _cAntonio Rey Hazas, Florencio Sevilla Arroyo. |
| 260 |
_aMadrid : _bAlianza, _c1995. |
||
| 300 |
_a95, [1] ; _c15 cm. |
||
| 490 | 1 |
_aAlianza cien _v68 |
|
| 650 | 4 |
_aEnsayos españoles _93095 |
|
| 650 | 4 |
_aLiteratura española _9632 |
|
| 650 | 4 |
_aCervantes saavedra, miguel de, _d1547-1616 _xCrítica, interpretación, etc. _941584 |
|
| 700 | 1 |
_aSevilla Arroyo, Florencio _941585 |
|
| 830 | 0 |
_aAlianza cien ; _v68 _912832 |
|
| 910 | _aWM | ||
| 049 | _aBNGR | ||
| 999 |
_c18868 _d18868 |
||